000 00349nam a22001457a 4500
008 230508b ||||| |||| 00| 0 eng d
020 _a9780313321092
041 _aeng
080 _2VOLUME 1,2,3,4
_a030
082 _a030MIN
100 _a44
101 _aENCIKLO
245 _aENCYCLOPEDIA OF THE STATELESS NATIONS
_cMINAHAN.J
942 _2udc
_cBK
999 _c59659
_d59659